000 00819nas a2200277 4500
001 BR2017000888
003 BR-BrBNA
005 20231205130858.0
007 ta
008 230509b bl.|||p| |||| 00| 00por d
040 _aBR-BrBNA
_bpor
_cBiblioteca Nacional de Agricultura
041 _a(Pt)
072 _aP06; P07
100 1 _aCesca, I.G.
100 1 _aBottrel, M.A. e S.
245 1 _aAnálise da demanda de combustíveis veiculares no Brasil entre 2004 e 2014
650 _aETANOL
650 _aCOMBUSTÍVEL
650 _aPREÇO
650 _aCONSUMO
650 _aDEMANDA
650 _aINFLAÇÃO
773 0 _tRevista de Economia e Agronegócio (Brazil)
_xISSN 1679-1614
_g(Jan-Dec 2016), v. 14(1-3) p. 167-194
_wBR2017000888
909 _a202311
_bLúcia
_c55
_dLúcia Elande
942 _2AGRIS
_n0
_cANA
999 _c251814
_d251814